[Event "ch-CRO"]
[Site "Zagreb CRO"]
[Date "2002.11.26"]
[Round "3"]
[White "Kapic,I"]
[Black "Armanda,I"]
[Result "0-1"]
[WhiteElo "2215"]
[BlackElo "2316"]

1.e4 c5 2.c3 Nf6 3.e5 Nd5 4.Nf3 Nc6 5.Bc4 Nb6 6.Be2 g6 7.d4 cxd4 8.cxd4 Bg7
9.Bf4 Nd5 10.Bg3 O-O 11.O-O d6 12.exd6 exd6 13.Nc3 Nce7 14.h3 Be6 15.Qd2 Nf5
16.Bh2 Bh6 17.Qd1 Rc8 18.Qa4 a6 19.Qa3 Rc6 20.Bd3 Nxc3 21.bxc3 Qc7 22.Bxf5 Bxf5
23.c4 Qb6 24.Bxd6 Rxc4 25.Bxf8 Bxf8 26.Qb3 Qc7 27.Ne5 Rxd4 28.Nf3 Rd3 29.Rac1 Qf4
30.Rc3 Be6 31.Qc2 Rd5 32.Rd1 Ra5 33.a3 Bd5 34.Qb2 Rb5 35.Qd2 Qf6 36.Qd4 Qf5
37.Rcd3 Bc5 38.Qg4 Qxg4 39.hxg4 Be4 40.Rd8+ Kg7 41.Ng5 Bc6 42.R1d3 Be7 43.Nf3 Bxd8
44.Rxd8 Rb1+ 45.Kh2 Bxf3 46.gxf3 Rb3 47.Rd7 Rxf3 48.Kg2 Rb3 49.a4 Rb4 50.Kg3 h6
51.a5 Rb5 52.f4 Rxa5 53.Rxb7 Ra1 54.Rb6 a5 55.Rb5 a4 56.f5 a3 57.Ra5 gxf5
58.gxf5 Kf6 59.Kg2 Kg5 60.Kh2 f6 61.Kg2 Ra2+ 62.Kg1 h5 63.Ra8 Kxf5  0-1

[Event "ch-CRO"]
[Site "Zagreb CRO"]
[Date "2002.11.26"]
[Round "3"]
[White "Rosandic,D"]
[Black "Brajdic,D"]
[Result "0-1"]
[WhiteElo "2280"]
[BlackElo "2165"]

1.e4 c5 2.c3 Nf6 3.e5 Nd5 4.d4 cxd4 5.cxd4 Nc6 6.Nf3 d6 7.Bc4 Nb6 8.Bb5 dxe5
9.Nxe5 Bd7 10.Bxc6 Bxc6 11.O-O g6 12.Re1 e6 13.Qg4 Bg7 14.Bg5 Qd6 15.Qh4 Nd5
16.Bh6 O-O 17.Bxg7 Kxg7 18.Nc3 Nxc3 19.bxc3 Qd5 20.Qh3 Rac8 21.Re3 Qa5 22.Rg3 Be4
23.Qh4 Bf5 24.Rc1 Rfd8 25.Qf4 Qc7 26.Qe3 Qa5 27.Qd2 Qxe5  0-1

[Event "ch-CRO"]
[Site "Zagreb CRO"]
[Date "2002.11.27"]
[Round "4"]
[White "Filipovic,Br"]
[Black "Kinez,I"]
[Result "1-0"]
[WhiteElo "2446"]
[BlackElo "2086"]

1.e4 c5 2.c3 Nf6 3.e5 Nd5 4.Nf3 e6 5.d4 cxd4 6.cxd4 Be7 7.Bd3 Nc6 8.Nc3 Nxc3
9.bxc3 d6 10.exd6 Bxd6 11.O-O O-O 12.Re1 h6 13.Qe2 Bd7 14.Ne5 Bxe5 15.dxe5 f5
16.Ba3 Rf7 17.Rad1 Qa5 18.Bb2 Re8 19.Bc4 Qc5 20.Bd3 a6 21.c4 Rc8 22.Qf3 Na5
23.Bf1 Bc6 24.Qc3 Ba4 25.Rd6 Nxc4 26.Rxe6 Nxb2 27.Qxb2 Qc3 28.Qb1 Bc2 29.Qc1 f4
30.Rd6 Bf5 31.Rd8+ Rf8 32.Rxf8+ Kxf8 33.Qxf4 g6 34.Qxh6+ Kg8 35.Qe3 Qxe3
36.Rxe3 Rc1 37.e6 Kf8 38.e7+ Ke8 39.f3 Bd7 40.Kf2 Rc2+ 41.Kg3 Rxa2 42.Bd3 Bf5
43.Bc4  1-0

[Event "30th Ann"]
[Site "Taastrup DEN"]
[Date "2002.11.28"]
[Round "7"]
[White "Nohr,F"]
[Black "Nielsen,Mi1"]
[Result "1/2-1/2"]
[WhiteElo "2157"]
[BlackElo "2095"]

1.e4 c5 2.c3 Nf6 3.e5 Nd5 4.d4 cxd4 5.Nf3 Nc6 6.Bc4 Nb6 7.Bb3 g6 8.O-O d5
9.exd6 Qxd6 10.Ng5 Nd8 11.Qf3 f6 12.Ne4 Qc6 13.cxd4 Bg7 14.Nbc3 f5 15.d5 fxe4
16.Nxe4 Qd7 17.Re1 Nf7 18.d6 O-O 19.Ng5 exd6 20.Ne6 Re8 21.Bd2 d5 22.Nxg7 Rxe1+
23.Rxe1 Kxg7 24.Bc3+ d4 25.Bxd4+ Qxd4 26.Qxf7+ Kh6 27.Qf8+ Qg7 28.Qd8 g5
29.Qd6+ Qg6 30.Qf8+ Qg7 31.Qd6+ Qg6 32.Qf8+  1/2-1/2

[Event "ch-CRO"]
[Site "Zagreb CRO"]
[Date "2002.11.28"]
[Round "5"]
[White "Kapic,I"]
[Black "Kristovic,M"]
[Result "1/2-1/2"]
[WhiteElo "2215"]
[BlackElo "2337"]

1.e4 c5 2.c3 Nf6 3.e5 Nd5 4.Nf3 e6 5.Bc4 Nc7 6.d4 b5 7.Be2 Bb7 8.O-O Be7
9.Bf4 Nc6 10.Nbd2 cxd4 11.Nxd4 Nxd4 12.cxd4 O-O 13.Bd3 f5 14.exf6 Rxf6 15.Be5 Rh6
16.Ne4 Ne8 17.Bf4 g5 18.Be3 Ng7 19.Qd2 Nf5 20.Ng3 Nxe3 21.Qxe3 Qb6 22.Be4 Rf8
23.Rad1 Bxe4 24.Nxe4 Rf5 25.g3 d5 26.Nc3 Rg6 27.Kh1 Bd6 28.f3 h5 29.Qd3 Rgf6
30.Qxb5 Qd8 31.Qd3 Qb8 32.Qe2 Qf8 33.Kg2 Rh6 34.Qe3 Bb8 35.Ne2 h4 36.g4 h3+
37.Kh1 Qd6 38.Rf2 Rff6 39.Qxg5+ Rhg6 40.Qe3 Qf8 41.g5 Bf4 42.Nxf4 Rxf4 43.Rg1 Qf5
44.Qe5 Rxf3 45.Qxf5 Rxf5 46.Rxf5 exf5 47.Rg3 Kf7 48.Kg1 Ke6 49.Kf2 f4 50.Rxh3 Kf5
51.Rh7 Rb6 52.Kf3 Kxg5 53.h4+ Kg6 54.Rxa7 Rxb2 55.Kxf4 Re2 56.h5+ Kh6 57.Ra4 Kxh5
58.a3 Kg6 59.Rb4 Kf6 60.a4 Rf2+ 61.Ke3 Rh2 62.Rb5 Ke6 63.a5 Rh3+ 64.Kd2 Kd6
65.Kc2 Ra3 66.Kb2 Ra4 67.Kc3 Rc4+ 68.Kd3 Ra4 69.Kc3 Rc4+ 70.Kd3  1/2-1/2

[Event "33rd NCC"]
[Site "Philadelphia USA"]
[Date "2002.11.29"]
[Round "2"]
[White "Thaler,M"]
[Black "Mayer,Stev"]
[Result "1-0"]
[WhiteElo "2125"]
[BlackElo "2190"]

1.e4 c5 2.c3 Nf6 3.e5 Nd5 4.d4 cxd4 5.Nf3 e6 6.cxd4 Qc7 7.a3 b6 8.Bd3 Bb7
9.O-O d6 10.Bd2 Nd7 11.Nc3 a6 12.Rc1 Nxc3 13.Rxc3 Qd8 14.Bg5 Be7 15.Bxe7 Qxe7
16.Rc7 Rb8 17.Qe2 b5 18.Rfc1 O-O 19.Rxb7  1-0

[Event "ch-CRO"]
[Site "Zagreb CRO"]
[Date "2002.11.29"]
[Round "6"]
[White "Jukic,Z"]
[Black "Jankovic,A"]
[Result "1-0"]
[WhiteElo "2285"]
[BlackElo "2329"]

1.e4 c5 2.c3 Nf6 3.e5 Nd5 4.Nf3 Nc6 5.d4 cxd4 6.cxd4 d6 7.exd6 Qxd6 8.Nc3 g6
9.Bc4 Be6 10.Qb3 O-O-O 11.Nb5 Qb4+ 12.Bd2 Qxb3 13.Bxb3 a6 14.Na3 Bg7 15.Nc2 Nc7
16.Bc3 Bxb3 17.axb3 e6 18.O-O Nb5 19.Ra4 h6 20.g3 Rd6 21.Rc4 Kb8 22.Kg2 Rc8
23.Ra1 Rcd8 24.Ne5 Bxe5 25.dxe5 Rd5 26.Rxc6 bxc6 27.Nb4 Kb7 28.Nxd5 cxd5
29.Bd2 h5 30.Ra4 Rc8 31.Rf4 Rc2 32.Ba5 Kc6 33.Rxf7 d4 34.Rf6 Kd5 35.Rxg6 d3
36.Rg8 Kxe5 37.Kf3 d2 38.Ke2 Nd4+ 39.Kd1 Rc1+ 40.Kxd2 Nxb3+ 41.Ke3 Nxa5 42.Rg5+ Kf6
43.Rxa5 h4 44.Rxa6 h3 45.Kf3 Rh1 46.b4 Rb1 47.Ra4 Kf5 48.g4+ Kg5 49.Kg3 Rg1+
50.Kxh3 Rxg4 51.Ra5+ Kf4 52.Ra3 Rg5 53.Rb3 Rb5 54.Kg2 e5 55.Kf1 e4 56.Ke2 Rh5
57.h3 Rb5 58.h4 Rh5 59.b5 Rxh4 60.b6 Rh8 61.b7 Rb8 62.Rb5 e3 63.f3 Kg3 64.Kxe3  1-0

[Event "British Rapidplay"]
[Site "Bradford ENG"]
[Date "2002.11.30"]
[Round "4"]
[White "Hanley,C"]
[Black "Wells,P"]
[Result "1/2-1/2"]
[WhiteElo "2345"]
[BlackElo "2489"]

1.e4 c5 2.c3 Nf6 3.e5 Nd5 4.Nf3 Nc6 5.Bc4 Nb6 6.Bb3 c4 7.Bc2 Qc7 8.Qe2 g5
9.h3 Bg7 10.O-O Nxe5 11.Nxg5 h6 12.Nf3 d5 13.Re1 Nc6 14.d4 cxd3 15.Bxd3 O-O
16.Nh4 Qe5 17.Qd1 Qf6 18.Qh5 Ne5 19.Bf5 e6 20.Bc2 Ng6 21.Nf3 Nf4 22.Qg4 e5
23.Qh4 Qxh4 24.Nxh4 Be6 25.Bxf4 exf4 26.Ng6 fxg6 27.Rxe6 Rfe8 28.Rxe8+ Rxe8
29.Na3 d4 30.Nb5 dxc3 31.bxc3 g5 32.Rd1 a6 33.Nd6 Rd8 34.c4 Bf8 35.c5 Bxd6
36.cxd6 Kf7 37.h4 Ke6 38.Bb3+ Kf6 39.a4 Rd7 40.a5 Nc8 41.Ba4 Rxd6 42.Rb1 b5  1/2-1/2

[Event "TCh-CZE 2002-3"]
[Site "Czech Rep CZE"]
[Date "2002.11.30"]
[Round "3"]
[White "Zilka,S"]
[Black "Antoniewski,R"]
[Result "0-1"]
[WhiteElo "2343"]
[BlackElo "2491"]

1.e4 c5 2.c3 Nf6 3.e5 Nd5 4.d4 cxd4 5.Nf3 e6 6.cxd4 d6 7.Bc4 Nb6 8.Bb3 Nc6
9.O-O Be7 10.Nc3 d5 11.Qd3 Bd7 12.a3 a5 13.Be3 a4 14.Ba2 Na5 15.Nd2 Rc8 16.f4 g6
17.g4 Nac4 18.Nxc4 Nxc4 19.Bxc4 dxc4 20.Qd2 Bc6 21.Rad1 Qd7 22.Qe2 Bd5 23.Nxd5 Qxd5
24.Qg2 h5 25.Qxd5 exd5 26.g5 Rc6 27.Bd2 Rb6 28.Bc3 Rb3 29.Rf3 h4 30.Kg2 Kd7
31.Kh3 b5 32.Rg1 Ke6 33.Kg4 h3 34.Rf2 Rh7 35.Rg3 b4 36.Bxb4 Rxg3+ 37.Kxg3 Bxb4
38.axb4 Rh8 39.Kg4 Rb8 40.f5+ Ke7 41.fxg6 fxg6 42.Kxh3 Rxb4 43.Kg4 Rb3 44.Rd2 Re3
45.h4 Re4+ 46.Kg3 Kd7 47.Kh3 Ke7 48.Kg3 Ke6 49.Rd1 Re3+ 50.Kg4 Re2 51.Ra1 Re4+
52.Kg3 Rxd4 53.Rxa4 Kf5 54.Ra6 Rd3+ 55.Kf2 Rd2+ 56.Ke3 Rd3+ 57.Ke2 Rh3 58.Rf6+ Kxe5
59.Rxg6 Rxh4 60.Kd2 Kd4 61.Rg8 Rh2+ 62.Kc1 Kd3 63.Kb1 Rg2 64.g6 Rg1+ 65.Ka2 Kc2
66.Rh8 Rxg6 67.Rh2+ Kd3 68.Rh3+ Kd4 69.Kb1 Rg2 70.Kc1 Re2 71.Rg3 Re3 72.Rg5 Ke4
73.Kd2 Rd3+ 74.Kc2 Rf3 75.Rg8 Ke3 76.b3 cxb3+ 77.Kxb3 Kd2+ 78.Kb2 d4 79.Rd8 d3
80.Rd7 Rf5 81.Kb3 Rf8 82.Kb2 Rb8+ 83.Ka3 Kc2 84.Rc7+ Kd1 85.Rd7 d2 86.Rh7 Rb5
87.Ka4 Rb2 88.Ka3 Kc1 89.Rh1+ Kc2 90.Rh3 Rb3+  0-1

[Event "33rd NCC"]
[Site "Philadelphia USA"]
[Date "2002.11.30"]
[Round "3"]
[White "Milman,L"]
[Black "Ashley,M"]
[Result "1-0"]
[WhiteElo "2295"]
[BlackElo "2470"]

1.e4 c5 2.c3 Nf6 3.e5 Nd5 4.d4 cxd4 5.Nf3 b6 6.Ng5 Qc7 7.Nxf7 Kxf7 8.Qf3+ Ke8
9.Qxd5 Bb7 10.Qxd4 Nc6 11.Qa4 Nxe5 12.Bf4 g5 13.Bg3 Bg7 14.h4 Bc6 15.Qc2 Qb7
16.Nd2 g4 17.h5 d6 18.O-O-O Rc8 19.Bd3 Kd7 20.Rhe1 Kc7 21.Nc4 Kb8 22.Nxe5 dxe5
23.Bxe5+ Bxe5 24.Rxe5 Bxg2 25.Rde1 Qc6 26.Rxe7 Rhf8 27.Rxh7 Rf4 28.Qe2 Qc5
29.Qe3 Qd6 30.Qg3 Bd5 31.Be4 Rcf8 32.Bxd5 Qxd5 33.Qxf4+  1-0

[Event "ch-CRO"]
[Site "Zagreb CRO"]
[Date "2002.11.30"]
[Round "8"]
[White "Jukic,Z"]
[Black "Ljubicic,F"]
[Result "1/2-1/2"]
[WhiteElo "2285"]
[BlackElo "2432"]

1.e4 c5 2.c3 Nf6 3.e5 Nd5 4.d4 cxd4 5.Bc4 Nb6 6.Bb3 d6 7.Nf3 Nc6 8.exd6 Qxd6
9.Nxd4 Nxd4 10.cxd4 Bd7 11.Nc3 e6 12.O-O Bc6 13.a4 Be7 14.a5 Nd5 15.a6 O-O
16.Re1 Rfd8 17.Qe2 Qd7 18.Bxd5 Bxd5 19.Nxd5 Qxd5 20.axb7 Qxb7 21.Be3 a5 22.Red1 Rd5
23.Rd2 Rad8 24.Rad1 Bb4 25.Rd3 Qb5 26.f4 g6 27.g3 Rc8 28.Kf2 Rd7 29.Rc1 Rxc1
30.Bxc1 Rc7 31.Be3 Qd5 32.Qd1 Qe4 33.Kg1 h5 34.h4 Rc4 35.Bf2 Qc6 36.Qf3 Qxf3
37.Rxf3 Rc1+ 38.Kg2 a4 39.Bg1 Be1 40.Ra3 Rc2+ 41.Kf1 Bxg3 42.Rxg3 Rxb2 43.Ra3 Rb3
44.Rxa4 Rf3+ 45.Bf2 Rxf4 46.Ra5 Kg7 47.Ke2 Kf8 48.Ke3 Rg4 49.Rg5 Rxg5 50.hxg5 Ke7
51.Bh4 Kd6 52.Ke4 Kd7 53.Ke5 Ke7 54.Ke4 Kd6 55.Bg3+ Ke7 56.Be5 Kd7 57.Kd3 Kc6
58.Kc4 Kd7 59.Kc5 Ke7 60.Kc6 h4  1/2-1/2

[Event "TCh-AUT B"]
[Site "Mitte AUT"]
[Date "2002.12.01"]
[Round "5"]
[White "Kranzl,P"]
[Black "Genser,H"]
[Result "1/2-1/2"]
[WhiteElo "2247"]
[BlackElo "2268"]

1.e4 c5 2.c3 Nf6 3.e5 Nd5 4.d4 cxd4 5.Qxd4 e6 6.Nf3 Nc6 7.Qe4 d6 8.Nbd2 dxe5
9.Nxe5 Nxe5 10.Qxe5 Qd6 11.Qxd6 Bxd6 12.g3 Bd7 13.Bg2 Bc6 14.O-O O-O 15.Nb3 Ne7
16.Na5 Bxg2 17.Kxg2 b6 18.Nc4 Bc7 19.a4 Rfd8 20.Kf3 f6 21.Ke2 Kf7 22.Bd2 Rac8
23.Rfd1 Bb8 24.b3 Nd5 25.Rac1 Ne7  1/2-1/2

[Event "TCh-AUT B"]
[Site "Mitte AUT"]
[Date "2002.12.01"]
[Round "5"]
[White "Petschar,K"]
[Black "Nemeth,Z"]
[Result "1/2-1/2"]
[WhiteElo "2291"]
[BlackElo "2341"]

1.e4 c5 2.c3 Nf6 3.e5 Nd5 4.Nf3 e6 5.d4 cxd4 6.cxd4 d6 7.Bc4 Nb6 8.Bb3 Bd7
9.O-O Bc6 10.Nc3 dxe5 11.Nxe5 N8d7 12.Nxc6 bxc6 13.Qf3 Nd5 14.Ba4 Rc8 15.Ne4 N7f6
16.Nxf6+ Qxf6 17.Qxf6 Nxf6 18.Be3 Nd5 19.Rfc1 Kd7 20.Rc2 Nb6 21.Bb3 Bd6 22.Rac1 Rc7
23.Bd2 Nd5 24.Ba5 Bf4 25.Bxd5 exd5 26.Bxc7 Bxc1 27.Rxc1 Kxc7 28.Kf1 Rb8 29.Rc2 Rb4
30.Rd2 Rc4 31.Ke2 a5 32.b3 Rc1 33.Rd1 Rxd1 34.Kxd1 Kb6 35.Kd2 Kb5 36.Kc3 Kb6
37.a3 Kb5 38.Kd3 g5 39.g4 h6 40.h3 Ka6 41.Kc3 Kb6 42.Kd3 Kb5 43.Kc3 Kb6 44.Kd3 Ka6
45.Kc3 Kb5  1/2-1/2

[Event "Winter Cup"]
[Site "Bucharest ROM"]
[Date "2002.12.03"]
[Round "3"]
[White "Podinic,V"]
[Black "Aldea,L"]
[Result "1-0"]
[WhiteElo "2367"]
[BlackElo "2296"]

1.e4 c5 2.c3 Nf6 3.d3 Nc6 4.f4 d6 5.Nf3 g6 6.g3 Bg7 7.Bg2 O-O 8.O-O e5 9.Kh1 Bg4
10.Qc2 Qd7 11.Nbd2 Nh5 12.Ng1 Rad8 13.Nc4 Be6 14.Qe2 exf4 15.gxf4 f5 16.exf5 Bxf5
17.Ne3 Rde8 18.Qd1 Be6 19.Qa4 d5 20.f5 gxf5 21.Qh4 Nf6 22.Nf3 Ne7 23.Ng5 d4
24.Nxe6 Qxe6 25.cxd4 cxd4 26.Qxd4 Ng4 27.Qc4 Qxc4 28.Nxc4 b6 29.Bg5 h6 30.Bd2 Ng6
31.h3 N4e5 32.Nd6 Rd8 33.Nxf5 Rxd3 34.Bc3 Kh7 35.Nxg7 Kxg7 36.Rae1 Re8 37.Rf5 Rxc3
38.bxc3 Re7 39.h4 Ng4 40.Rxe7+ Nxe7 41.Rf4 h5 42.Bf3 Nf6 43.Rc4 Nf5 44.Kh2 Kf7
45.Kh3 Ke6 46.Rc7 Ke5 47.Rxa7 Kf4 48.Rf7 Ke5 49.Rb7  1-0

[Event "ch-POL w sf"]
[Site "Lubniewice POL"]
[Date "2002.12.03"]
[Round "4"]
[White "Tekielak,I"]
[Black "Socha,A"]
[Result "0-1"]
[WhiteElo "2109"]
[BlackElo "2094"]

1.e4 c5 2.c3 Nf6 3.e5 Nd5 4.Nf3 e6 5.d4 cxd4 6.cxd4 b6 7.Bd3 Ba6 8.O-O Be7
9.a3 O-O 10.Bxa6 Nxa6 11.Nbd2 d6 12.Qe2 Nac7 13.Ne4 b5 14.Bg5 Bxg5 15.Nfxg5 dxe5
16.dxe5 h6 17.Nh3 Qe7 18.f4 a6 19.Qf3 b4 20.a4 Rab8 21.b3 Nc3 22.Nhf2 N7d5
23.Ng4 a5 24.Kh1 Nxe4 25.Qxe4 Nc3 26.Qf3 Rbd8 27.f5 exf5 28.Qxf5 Qd7 29.Qf4 Qd2
30.Qf5 Qd5 31.Rf3 Qe6 32.Qh5 Rd4 33.h3 Qg6 34.Qxg6 fxg6 35.Raf1 Rxf3 36.Rxf3 Re4
37.Re3 Kf7 38.Kg1 h5 39.e6+ Kxe6 40.Rxe4+ Nxe4 41.Ne3 Nc5 42.Kf2 Nxb3 43.Nc4 Kd5
44.Nb2 Kd4 45.Ke2 Nc5 46.Kd2 Ne4+ 47.Kc2 Nd6 48.g4 Ne4 49.Kb3 Nc5+ 50.Kc2 hxg4
51.hxg4 g5 52.Kd2 Ne4+ 53.Kc2 Nf2 54.Kb3 Nxg4  0-1

[Event "ch-GRE"]
[Site "Athens GRE"]
[Date "2002.12.04"]
[Round "7"]
[White "Mihailidis,A"]
[Black "Tzermiadianos,And"]
[Result "0-1"]
[WhiteElo "2205"]
[BlackElo "2440"]

1.e4 c5 2.c3 Nf6 3.e5 Nd5 4.d4 cxd4 5.Nf3 e6 6.cxd4 d6 7.a3 Bd7 8.Bd3 Bc6
9.O-O Nd7 10.b4 a6 11.Nbd2 Nf4 12.Bc2 dxe5 13.dxe5 Nxe5 14.Nxe5 Qg5 15.Qg4 Qxe5
16.Nc4 Qe2 17.Qxf4 Qxc2 18.Ne5 f6 19.Nxc6 Qxc6 20.Qg4 Kf7 21.Be3 h5 22.Qe2 Bd6
23.Rac1 Qb5 24.Qf3 Rac8 25.Rcd1 Rhd8 26.Bc5 Bxc5 27.Qxh5+ Ke7 28.bxc5 Rxc5
29.Qh7 Rg5 30.Rxd8 Kxd8 31.f4 Qc5+ 32.Kh1 Qc4 33.Rd1+ Rd5 34.Qg8+ Kc7 35.Qxg7+ Kb8
36.Re1 Qxf4 37.Qg8+ Ka7 38.Qxe6 Re5  0-1

[Event "Los Inmortales IV"]
[Site "Santo Domingo DOM"]
[Date "2002.12.04"]
[Round "8"]
[White "Jonkman,H"]
[Black "Filippov,Va"]
[Result "1-0"]
[WhiteElo "2456"]
[BlackElo "2615"]

1.e4 c5 2.c3 Nf6 3.e5 Nd5 4.Nf3 Nc6 5.Bc4 Nb6 6.Bb3 c4 7.Bc2 d6 8.exd6 Qxd6
9.O-O g6 10.b3 Bg7 11.Na3 Be6 12.Rb1 O-O 13.Re1 Na5 14.Qe2 Rfe8 15.Ne5 Rac8
16.d3 cxb3 17.axb3 Nd5 18.Nb5 Nxc3 19.Nxc3 Rxc3 20.Nc4 Nxc4 21.bxc4 Bg4 22.Qxg4 Rxc2
23.Qd1 Rc3 24.Rxb7 Rxd3 25.Qa4 Rd8 26.Be3 Bc3 27.Rf1 Rd1 28.Rb1 Rxb1 29.Rxb1 Qd3
30.Rc1 Rb8 31.g3 Rb1 32.Rxb1 Qxb1+ 33.Kg2 Qe4+ 34.Kg1 Qb1+ 35.Kg2 Qb7+ 36.Kg1 a6
37.Bh6 Qb1+ 38.Kg2 Qb7+ 39.Kg1 Qc8 40.c5 Be5 41.c6 Bd6 42.Qd4 f6 43.Qd5+ Kh8
44.c7 Bxc7 45.Qf7 Qg8 46.Qxe7 Be5 47.Qa7 Qb8 48.Qxa6 Bd4 49.Qe6 g5 50.Qd7 Bxf2+
51.Kxf2 Qb2+ 52.Kg1 Qb1+ 53.Kg2 Qc2+ 54.Kh3 g4+ 55.Qxg4 Qc7 56.Qe6 Qb8 57.Qxf6+ Kg8
58.Qg7+  1-0

[Event "10th Amitie"]
[Site "Bagneux FRA"]
[Date "2002.12.09"]
[Round "1"]
[White "Brochet,P"]
[Black "De Sousa,Jos"]
[Result "0-1"]
[WhiteElo "2425"]
[BlackElo "2304"]

1.e4 c5 2.c3 Nf6 3.e5 Nd5 4.d4 cxd4 5.Nf3 e6 6.cxd4 b6 7.Bd3 Bb4+ 8.Nbd2 Ba6
9.Bxa6 Nxa6 10.O-O O-O 11.Ne4 f6 12.exf6 gxf6 13.Bh6 Rf7 14.Rc1 Bf8 15.Qd2 Qe7
16.a3 Kh8 17.Rc2 Bxh6 18.Qxh6 Rg8 19.Rfc1 Rfg7 20.g3 Qd8 21.Rc8 Qe7 22.Nh4 f5
23.Nd6 Qf6 24.Qxf6 Nxf6 25.Nf3 h6 26.Nb5 d5 27.Ne5 Kh7 28.Rxg8 Kxg8 29.Rc8+ Kh7
30.Rf8 Ne4 31.Nc6 Nd2 32.Ncxa7 Nc4 33.Re8 Nxb2 34.Rxe6 Nc4 35.Nc8 Nc7 36.Nxc7 Rxc7
37.Nxb6 Nxa3 38.Rd6 Rc1+ 39.Kg2 Nc2 40.Rd7+  0-1

[Event "19th WJun Girls"]
[Site "Goa IND"]
[Date "2002.12.09"]
[Round "1"]
[White "Priya,P"]
[Black "Kosintseva,T"]
[Result "0-1"]
[WhiteElo "2106"]
[BlackElo "2427"]

1.e4 c5 2.c3 Nf6 3.e5 Nd5 4.d4 cxd4 5.Nf3 Nc6 6.cxd4 d6 7.Bc4 e6 8.O-O Be7
9.Nc3 Nxc3 10.bxc3 O-O 11.Qe2 Qa5 12.Bd2 Bd7 13.Bd3 g6 14.Rab1 Qc7 15.Bf4 b6
16.Rfc1 Rfd8 17.Bg3 Be8 18.Be4 d5 19.Bd3 Ba3 20.Rc2 Na5 21.Bh4 Rdc8 22.Ba6 Ba4
23.Rd2 Re8 24.Qe3 b5 25.Qh6 Bf8 26.Qf4 Rab8 27.Rdb2 Qd7 28.Ng5 h6 29.Nf3 Rb6
30.Bxb5 Rxb5 31.Rxb5 Bxb5 32.Bf6 Bd3 33.Re1 Rb8 34.Qh4 Rb1 35.Rxb1 Bxb1 36.Bg5 hxg5
37.Nxg5 Bg7 38.Qh7+ Kf8 39.Qh4 Bxa2 40.Nh7+ Kg8 41.Ng5 Nc6 42.Qh7+ Kf8 43.Qh4 a5
44.Nh7+ Kg8 45.g4 a4 46.g5 a3 47.Nf6+ Bxf6 48.gxf6 Qe8 49.Qg5 Bc4 50.h4 a2
51.Qc1 Qa8  0-1

[Event "19th WJun Girls"]
[Site "Goa IND"]
[Date "2002.12.10"]
[Round "3"]
[White "Jennitha,A"]
[Black "Churun,P"]
[Result "0-1"]
[WhiteElo "1989"]
[BlackElo "2162"]

1.e4 c5 2.c3 Nf6 3.e5 Nd5 4.g3 d6 5.exd6 e6 6.Bg2 Bxd6 7.Nf3 Nc6 8.O-O O-O
9.d4 cxd4 10.Nxd4 Nxd4 11.Qxd4 Qc7 12.Nd2 Bd7 13.Ne4 Be5 14.Qd3 Rfd8 15.Be3 Nxe3
16.Qxe3 Bc6 17.f4 Bd6 18.Rfd1 Be7 19.Qe2 h6 20.h3 Rac8 21.Kh2 Qb6 22.Qf2 Qb5
23.Bf1 Qf5 24.Nd2 Qc2 25.Rab1 Rd6 26.Kg1 Rcd8 27.Rbc1 Qxb2 28.Ne4 Qxf2+ 29.Kxf2 Rxd1
30.Rxd1 Rxd1  0-1

[Event "19th WJun Girls"]
[Site "Goa IND"]
[Date "2002.12.10"]
[Round "3"]
[White "Anuprita,P"]
[Black "Zigangirova,S"]
[Result "0-1"]
[WhiteElo "2093"]
[BlackElo "2241"]

1.e4 c5 2.c3 Nf6 3.e5 Nd5 4.d4 cxd4 5.Bc4 Nb6 6.Bb3 e6 7.cxd4 d6 8.Nf3 Nc6
9.O-O Be7 10.Nc3 O-O 11.Ne4 d5 12.Ng3 f6 13.Re1 fxe5 14.Nxe5 Nxe5 15.Rxe5 Bd7
16.Qg4 Bf6 17.Bg5 Rf7 18.Bxf6 Qxf6 19.Qe2 Raf8 20.f3 Nc8 21.Bc2 Ne7 22.Nh5 Qh6
23.Ng3 Qf6 24.Nh5 Qh4 25.Qd3 Nf5 26.g4 g6 27.gxf5 gxh5 28.fxe6 Rg7+ 29.Kh1 Be8
30.Qe3 Qh3 31.Rg1 Rxf3 32.Reg5 Rxe3 33.Rxg7+ Kf8 34.Bd1 Bg6  0-1

[Event "10th Amitie"]
[Site "Bagneux FRA"]
[Date "2002.12.11"]
[Round "3"]
[White "Brochet,P"]
[Black "Seres,L"]
[Result "0-1"]
[WhiteElo "2425"]
[BlackElo "2465"]

1.e4 c5 2.c3 Nf6 3.e5 Nd5 4.d4 cxd4 5.Nf3 Nc6 6.cxd4 d6 7.Bc4 Nb6 8.Bb5 dxe5
9.Nxe5 Bd7 10.Nxd7 Qxd7 11.Nc3 e6 12.O-O Be7 13.Qg4 O-O 14.Rd1 Rfd8 15.Bh6 Bf8
16.Ne4 Kh8 17.Nc5 Qd5 18.Be3 Nc4 19.Rac1 Nxe3 20.fxe3 Bxc5 21.Rxc5 Qxa2 22.Rf1 f5
23.Qe2 Rd6 24.Rfc1 h6 25.Qc2 Nb4 26.Rc8+ Kh7 27.Qf2 Rxc8 28.Rxc8 Qb1+ 29.Bf1 Nd5
30.h4 Qe4 31.h5 Qxe3 32.Qxe3 Nxe3 33.Bb5 g5 34.Rc7+ Kg8 35.Rxb7 Rb6 36.Rxb6 axb6
37.Kf2 Ng4+ 38.Ke2 Kf7 39.Kd3 Ke7 40.Bc6 Nf6 41.Kc4 Kd6 42.Kb5 Kc7 43.b4 g4  0-1

[Event "19th WJun Girls"]
[Site "Goa IND"]
[Date "2002.12.11"]
[Round "4"]
[White "Priya,P"]
[Black "Lapinskaite,S"]
[Result "1-0"]
[WhiteElo "2106"]
[BlackElo "2034"]

1.e4 c5 2.c3 Nf6 3.e5 Nd5 4.d4 cxd4 5.Nf3 Nc6 6.cxd4 d6 7.Bc4 Nb6 8.Bb5 dxe5
9.Nxe5 Bd7 10.Bxc6 bxc6 11.Qf3 Be6 12.Qxc6+ Nd7 13.O-O g6 14.Nc3 Bg7 15.Bf4 O-O
16.Rfd1 Rc8 17.Qf3 Qa5 18.Nc6 Rxc6 19.Qxc6 Nf6 20.Rac1 Qf5 21.Bg3 Bh6 22.Ra1 Qc2
23.Nd5 Rc8 24.Nxe7+ Kf8 25.Qd6 Ne4 26.Qa3 Re8 27.Nf5+ Kg8 28.Nxh6+ Kg7 29.d5 Bc8
30.d6 Kxh6 31.d7 Rd8 32.Rac1  1-0

[Event "Salona Rapid 1hr"]
[Site "Solin-Spilt CRO"]
[Date "2002.12.12"]
[Round "1"]
[White "Pavasovic,D"]
[Black "Roschina,T"]
[Result "0-1"]
[WhiteElo "2581"]
[BlackElo "2265"]

1.e4 c5 2.c3 Nf6 3.e5 Nd5 4.Nf3 Nc6 5.Bc4 Nb6 6.Bb3 c4 7.Bc2 Qc7 8.Qe2 g5
9.h3 Bg7 10.O-O g4 11.hxg4 Nxe5 12.Re1 d6 13.Nxe5 Bxe5 14.d4 cxd3 15.Bxd3 h6
16.Bb5+ Bd7 17.Nd2 Bxb5 18.Qxb5+ Qd7 19.a4 Rg8 20.Re4 Rc8 21.Nf3 Rc5 22.Nxe5 Rxe5
23.Rxe5 dxe5 24.Bxh6 Rxg4 25.Qxe5 Qc6 26.Qh8+ Kd7 27.Rd1+ Ke6 28.g3 Qf3 29.Re1+ Re4
30.Be3 f5 31.Qg8+ Kd7 32.Qb3 f4 33.Qd1+ Qxd1 34.Rxd1+ Ke6 35.Bxf4 Nxa4 36.Rd2 Re1+
37.Kg2 Rb1 38.Re2+ Kf7 39.Bg5 e6 40.Re4 b5 41.Rd4 Rxb2 42.Rd7+ Kg6 43.Be3 a5
44.Bd4 Kf5 45.Rf7+ Ke4 46.g4 Rb3 47.g5 Nxc3 48.Bf6 Nd5 49.Ba1 Nf4+ 50.Kh2 Rf3
51.g6 Rxf2+ 52.Kg3 Rg2+ 53.Kh4 Rxg6 54.Rb7 b4 55.Rb5 Ng2+ 56.Kh5 Nf4+ 57.Kh4 Kf3
58.Rxa5 Rg4+  0-1

[Event "Salona Rapid 1hr"]
[Site "Solin-Spilt CRO"]
[Date "2002.12.14"]
[Round "6"]
[White "Sermek,D"]
[Black "Pavasovic,D"]
[Result "1/2-1/2"]
[WhiteElo "2590"]
[BlackElo "2581"]

1.e4 c5 2.c3 Nf6 3.e5 Nd5 4.Nf3 e6 5.Na3 d6 6.exd6 Bxd6 7.Nc4 Be7 8.d4 cxd4
9.Nxd4 O-O 10.Be2 Nc6 11.Nxc6 bxc6 12.O-O c5 13.Ne5 Qc7 14.Nf3 Bb7 15.c4 Nb4
16.Be3 Rad8 17.Qb3 Be4 18.Rac1 Nd3 19.Bxd3 Rxd3 20.Qa4 Rfd8  1/2-1/2

[Event "Christmas Open"]
[Site "Zadar CRO"]
[Date "2002.12.14"]
[Round "1"]
[White "Barbaric,V"]
[Black "Palac,M"]
[Result "0-1"]
[WhiteElo "2136"]
[BlackElo "2568"]

1.e4 c5 2.c3 Nf6 3.e5 Nd5 4.d4 cxd4 5.Nf3 d6 6.cxd4 e6 7.Bd3 Nb4 8.Bb5+ Bd7
9.Be2 Bc6 10.O-O Nd5 11.Bg5 Qc7 12.Nbd2 Nd7 13.Nc4 dxe5 14.Nfxe5 Nxe5 15.Nxe5 Bd6
16.Nxc6 bxc6 17.g3 O-O 18.Bd3 Qb6 19.Rc1 Rac8 20.Qg4 Rfe8 21.b3 f5 22.Qh4 h6
23.Be3 Rf8 24.Bc4 Rf6 25.Bxd5 exd5 26.f3 f4 27.Bf2 fxg3 28.hxg3 Qa6 29.Qg4 Rcf8
30.a4 Kh7 31.f4 Bxf4  0-1

[Event "FSIMA Dec"]
[Site "Budapest HUN"]
[Date "2002.12.16"]
[Round "10"]
[White "Peredy,F"]
[Black "Jakab,A"]
[Result "0-1"]
[WhiteElo "2312"]
[BlackElo "2367"]

1.e4 c5 2.c3 Nf6 3.e5 Nd5 4.d4 cxd4 5.Nf3 e6 6.cxd4 d6 7.a3 Bd7 8.Bd3 Bc6
9.O-O Nd7 10.b4 a6 11.Qe2 Be7 12.Bd2 dxe5 13.dxe5 Qc7 14.Ra2 O-O 15.Rc2 Rfc8
16.h4 Qd8 17.Rfc1 Ba4 18.Rxc8 Rxc8 19.Rxc8 Qxc8 20.Qe4 g6 21.h5 Qc7 22.hxg6 hxg6
23.Bh6 Bd1 24.Nbd2 Qc1 25.Kh2 Qxa3 26.Nc4 Qxb4 27.Bd2 Bxf3 28.gxf3 Qb3 29.Bc2 Qa2
30.Bb1 Qa1 31.f4 Nc5 32.Qc2 Qd4 33.Bc1 Nb4 34.Qe2 Ncd3 35.Bd2 Qxc4 36.Bxb4 Qxf4+
37.Kg2 Nxb4  0-1

[Event "16th Masters"]
[Site "Clichy FRA"]
[Date "2002.12.17"]
[Round "4"]
[White "Guilbert,H"]
[Black "Collas,D"]
[Result "1/2-1/2"]
[WhiteElo "2145"]
[BlackElo "2402"]

1.e4 c5 2.c3 Nf6 3.e5 Nd5 4.d4 cxd4 5.Nf3 e6 6.cxd4 d6 7.a3 Bd7 8.Bd3 Bc6
9.O-O Nd7 10.Re1 dxe5 11.dxe5 Ne7 12.b4 Ng6 13.Bb2 a5 14.b5 Bd5 15.Nbd2 Nc5
16.Bf1 Nh4 17.Nxh4 Qxh4 18.g3 Qa4 19.Qxa4 Nxa4 20.Bd4 Bc5 21.Bxc5 Nxc5 22.Rac1 b6
23.Nc4 Bxc4 24.Bxc4 Ke7 25.Red1 Rad8 26.f4 h6 27.Kf2 f6 28.exf6+ Kxf6 29.Ke3 e5
30.fxe5+ Kxe5 31.Rxd8 Rxd8 32.Rf1 Rd7 33.Rf8 Rc7 34.Re8+ Kd6 35.Kd4  1/2-1/2

[Event "Christmas Open"]
[Site "Zadar CRO"]
[Date "2002.12.18"]
[Round "5"]
[White "Ikica,A"]
[Black "Ljubicic,F"]
[Result "0-1"]
[WhiteElo "2117"]
[BlackElo "2432"]

1.e4 c5 2.c3 Nf6 3.d3 d6 4.Nf3 g6 5.Be2 Bg7 6.O-O O-O 7.h3 Nc6 8.Be3 b6 9.Nbd2 e5
10.d4 exd4 11.cxd4 Qe7 12.dxc5 dxc5 13.Bb5 Bb7 14.Qa4 Nd8 15.e5 Nd5 16.Bg5 Qc7
17.Rfe1 Ne6 18.Bh4 a6 19.Bf1 b5 20.Qd1 Ne7 21.Ne4 Bxe4 22.Rxe4 Nf5 23.Bf6 Qc6
24.Re1 Bxf6 25.exf6 Rad8 26.Qc1 Ned4 27.Nxd4 Nxd4 28.Re5 Qxf6 29.Rxc5 Rfe8
30.f3 Qh4 31.Qg5 Qxg5 32.Rxg5 f5 33.a4 Ne6 34.Rg3 f4 35.Rg4 Kg7 36.h4 h5
37.Rg5 Nxg5 38.hxg5 Re5 39.axb5 axb5 40.Ra7+ Kh8 41.Rb7 Rd1 42.Kf2 Rd2+ 43.Kg1 Rxb2
44.Rb8+ Kg7 45.Rb7+ Kf8 46.Rb8+ Ke7  0-1

[Event "Salona Rapid 1hr"]
[Site "Solin-Spilt CRO"]
[Date "2002.12.19"]
[Round "16"]
[White "Sermek,D"]
[Black "Roschina,T"]
[Result "1-0"]
[WhiteElo "2590"]
[BlackElo "2265"]

1.e4 c5 2.c3 Nf6 3.e5 Nd5 4.Nf3 Nc6 5.g3 Qc7 6.Qe2 d6 7.exd6 Qxd6 8.Bg2 g6
9.Na3 Bg7 10.O-O O-O 11.d4 cxd4 12.Nb5 Qd8 13.Nfxd4 e5 14.Nb3 Nb6 15.Be3 Be6
16.Rfd1 Qf6 17.Nd6 Qe7 18.Nc5 Nd4 19.cxd4 Qxd6 20.Nxb7 Qc7 21.Rac1 Bc4 22.Qf3 exd4
23.Bxd4 Bxd4 24.Rxd4 Qe5 25.Rdxc4 Nxc4 26.Rxc4 Qxb2 27.h4 Qxa2 28.Rc7 Rac8
29.Rd7 Rc1+ 30.Bf1 Re8 31.Nd6 Ree1 32.Rd8+ Kg7 33.Ne8+ Rxe8 34.Rxe8 Qa1 35.Qe2  1-0